BIBLIOTHÈQUE DE LA MAISON DU MEXIQUE

Logo 1 Logo 2

Mayas (notice nᵒ 4388)

détails MARC
000 -Sello discográfico
campo de control de longitud fija 01112nam a2200325 4500
005 - Identificación de versión
campo de control 20251016083105.0
010 ## - Número Estándar Internacional de Libros (ISBN)
Número (ISBN) 2-86260-341-4
035 ## - Otros números de control del sistema
Número de control del sistema 26564
099 ## - fechas locales
Tipo de ítem Koha LIBRO
100 ## - Datos de procesamiento general
Datos de procesamiento general 19990705d1991 m y1spay5003 ba
105 ## - Campo de datos codificados: Material textual, monográfico
Datos codificados de monografía a 001zy
200 1# - Título y mención de responsabilidad
Título propio Mayas
Designación general del material texto impreso
Otra información del título la passion des ancêtres, le désir de durer
Primer mención de responsabilidad Dirigé par Alain Breton et Jacques Arnauld
Declaración de responsabilidad subsiguiente collaboration de Marie-Charlotte Arnauld
210 ## - Publicación, distribución, etc.
Lugar de publicación, distribución, etc. Paris
Nombre del editor, distribuidor, etc. Editions Autrement
Fecha de publicación, distribución, etc. 1991
215 ## - Descripción física
Designación de material específico y extensión del ítem 285 p
Otras características físicas il., fot.
Dimensiones 25 cm
345 ## - Nota de información de adquisición
Fuente de adquisición/dirección de la suscripción [OBSOLETO] Donación del Centro Cultural
410 #1 - Series
Título Revue Autrement
Número de la sección o parte Série "Monde"
Nombre de parte o sección Hors Série
Número Internacional Normalizado para Publicaciones Seriadas 0336-5816
Número de volumen 56
606 ## - Término temático usado como materia
Elemento de entrada Mayas
Subdivisión temática Historia
Número Koha 1340
606 ## - Término temático usado como materia
Elemento de entrada Mayas
Subdivisión temática Relaciones con el gobierno
Número Koha 734
660 ## - Código de área geográfica
Código MX
702 ## - Nombre personal - Responsabilidad secundaria
Elemento de entrada Arnauld
Parte del nombre distinta del elemento de entrada Jacques
Número Koha 4299
702 ## - Nombre personal - Responsabilidad secundaria
Elemento de entrada Arnauld
Parte del nombre distinta del elemento de entrada Marie-Charlotte
Fechas 1948-
Número Koha 4300
702 ## - Nombre personal - Responsabilidad secundaria
Elemento de entrada Breton
Parte del nombre distinta del elemento de entrada Alain
Fechas 1947-
Número Koha 4301
801 #0 - Fuente de origen
Agencia cm
900 ## -
-- 1/19119
900 ## -
-- 7109911030\050799
942 ## - ELEMENTOS DE ENTRADA SECUNDARIOS (KOHA)
Tipo de ítem Koha Livre
996 ## -
-- MEX
-- 751145101
-- MMAG
-- 006465
-- 972.81 B844MA
-- 20220607LIV
Exemplaires
Estatus retirado Estado de daño Estado de pérdida Fecha de adquisición Biblioteca de origen Biblioteca actual Ubicación en estantería Código de barras Precio de reemplazo Signatura topográfica completa No para préstamo Tipo de ítem Koha Nota pública Nota no pública
      05/08/2025 Casa México Paris Casa México Paris   006465 05/08/2025 972.81 B844MA   Livre 20220607LIV 751145101